Gagnants et gagnantes de Koh-Lanta - Mort Subite - Statistiques

Statistiques générales
  • Ce quiz a été pris 87 fois
    49 depuis la dernière actualisation
  • Le résultat moyen est 13 sur 30
Answers on the Grid
Answers color-coded by a green-red scale on the quiz's grid according to % correct below.
Gilles Nicolet
Amel Fatnassi
Delphine Bano
Isabelle Seguin
Philippe Bordier
Clémence Castel
François-David Cardonnel
Jade Handi
Kevin Cuoco
Christelle Gauzet
Christina Chevry
Philippe Duron
Gérard Urdampilleta
Ugo Lartiche
Marc Rambaud
Wendy Gervois
Benoit Assadi
Frédéric Blancher
André Deleplace
Maud Bamps
Alexandra Pornet
Maxine Eouzan
François et Bastien
Frédéric Khouvilay
Romuald Lafite
Grégoire Delachaux
Bertrand Bolle
Laurent Maistret
Naoil Tita
Claude Dartois
Freddy Boucher
Maxime Stafrach
Teheiura Teahui
Gégé Icardi
Frédérique Jossinet
Gwendal Peizerat
Franck Leboeuf
Djamel Bouras
Jesta Hillmann
Maxime Boulet
Coumba Baradji
Pascal Salviani
Carole Rapin
Jessica Joullié
Sandra Acabado
Phil Bizet
Julien Castro
François Descamp
 
Statistiques - réponses
Réponse % Correct
Clémence Castel
61%
Jade Handi
61%
Naoil Tita
57%
Wendy Gervois
57%
Laurent Maistret
54%
André Deleplace
50%
Benoit Assadi
50%
Philippe Duron
50%
Ugo Lartiche
50%
François-David Cardonnel
46%
Marc Rambaud
46%
Maxine Eouzan
46%
Amel Fatnassi
43%
Christelle Gauzet
43%
Christina Chevry
43%
François et Bastien
43%
Gérard Urdampilleta
43%
Grégoire Delachaux
43%
Alexandra Pornet
39%
Maud Bamps
39%
Bertrand Bolle
36%
Frédéric Khouvilay
36%
Romuald Lafite
36%
Frédéric Blancher
32%
Philippe Bordier
29%
Claude Dartois
25%
Gilles Nicolet
25%
Isabelle Seguin
25%
Kevin Cuoco
25%
Delphine Bano
18%
Aucun quiz correspondant
Distribution des résultats
% des personnes avec chaque résultat
Percentile par nombre de réponses
Votre historique - résultats
Vous n’avez pas pris ce quiz depuis la dernière actualisation